Các thể loại báo chí chính luận nghệ thuật

Lí luận chung về thể loại và thể loại báo chí. Một số vấn đề về thể kí trong báo chí và văn học. Giới thiệu các thể loại đang giữ vị trí chủ yếu trong báo hiện nay như: phóng sự, kí chân dung, kí chính luận, ghi nhanh, chuyện báo chí, tiểu phẩm...

Descripció completa

Guardat en:
Dades bibliogràfiques
Autor principal: Dương Xuân Sơn
Format: Llibre
Idioma:Vietnamese
Publicat: H. Đại học Quốc gia Hà Nội 2011
Edició:In lần thứ 3
Matèries:
Etiquetes: Afegir etiqueta
Sense etiquetes, Sigues el primer a etiquetar aquest registre!
Thư viện lưu trữ: Mạng thư viện Đại học Đà Nẵng
LEADER 01599aam a22003618a 4500
001 000016606
003 13009
005 20121126091109.0
008 121123s2011 viesd
020 |c 32500  |d 32500b 
041 0 |a vie 
082 1 4 |2 14  |a 808.06607  |b DƯ-S 
100 1 |a Dương Xuân Sơn 
245 1 0 |a Các thể loại báo chí chính luận nghệ thuật  |c Dương Xuân Sơn 
250 |a In lần thứ 3 
260 |a H.  |b Đại học Quốc gia Hà Nội  |c 2011 
300 |a 230 tr.  |c 21 cm. 
500 |a ĐTTS ghi: Đại học Quốc gia Hà Nội. Trường đại học Khoa học Xã hội và Nhân văn 
504 |a Thư mục: tr. 225-229 
520 |a Lí luận chung về thể loại và thể loại báo chí. Một số vấn đề về thể kí trong báo chí và văn học. Giới thiệu các thể loại đang giữ vị trí chủ yếu trong báo hiện nay như: phóng sự, kí chân dung, kí chính luận, ghi nhanh, chuyện báo chí, tiểu phẩm 
650 7 |2 Bộ TK TVQG  |a Báo chí 
650 7 |2 Bộ TK TVQG  |a Chính luận 
650 7 |2 Bộ TK TVQG  |a Thể loại 
OWN |a LSP 
AVA |a UDN50  |b LSP  |d 808.06607 DƯ-S  |e check_holdings  |t Error 5003 Not defined in file expand_doc_bib_avail.  |h N  |k 1 
999 |a From the UDN01 
AVA |a UDN50  |b LSP  |d 808.06607 DƯ-S  |e available  |t Error 5001 Not defined in file expand_doc_bib_avail.  |f 30  |g 4  |h N  |i 71  |k 1 
TYP |a Monograph 
TYP |a Printed language 
980 |a Mạng thư viện Đại học Đà Nẵng